Les robots présents dans Transformers : Rise of the Beasts - Statistiques

Statistiques générales
  • Ce quiz a été pris 36 fois
  • Le résultat moyen est 8 sur 13
Statistiques - réponses
Réponse % Correct
Optimus Prime
100%
Mirage
84%
Optimus Primal
79%
Unicron
79%
Arcee
74%
Scourge
68%
Wheeljack
63%
Nightbird
58%
Battletrap
53%
Cheetor
37%
Stratosphere
37%
Airazor
26%
Apelinq
5%
Aucun quiz correspondant
Distribution des résultats
% des personnes avec chaque résultat
Percentile par nombre de réponses
Votre historique - résultats
Vous n’avez pas pris ce quiz